000 01212nam a2200241Ia 4500
999 _c53286
_d53286
001 20327
003 GE_BSU
005 20200911202625.0
008 181216s1957||||ge |||||||||||||| ||geo||
040 _cGE_BSU
041 _ageo
080 _a811.353.1(072) + 821.353.1(072) მ-36
245 _aმასწავლებელთა გამოცდილებიდან : ქართული ენა და ლიტერატურა :
_bკრებული 6 /
_cრედ. მ. ჩინჩალაძე.
264 _aთბილისი :
_bინსტიტუტის გამომცემლობა,
_c1957.
300 _a17გვ. ;
_c20 სმ.
490 _a(პედაგოგიური კითხვის სერია)
541 _h72თ.
653 _aქართული ენის სწავლების მეთოდიკა
653 _aქართული ლიტერატურის სწავლების მეთოდიკა
653 _aქართული ენა და ლიტერატურა
700 _aჩინჩალაძე, მ.
_eრედაქტორი
_97311
942 _cBK
_2udc